Reliefs und Inschriftensteine des Alten Reiches 1 (1999) /

محفوظ في:

المؤلف الرئيسي: Hölzl, Regina (مؤلف)

مؤلف مشترك: Kunsthistorisches Museum Wien. Ägyptisch-Orientalische Sammlung.

التنسيق: كتاب

اللغة: German

سلاسل: Corpus antiquitatum Aegyptiacarum. Kunsthistorisches Museum Wien ; 18.

الموضوعات:

الوسوم: إضافة وسم

لا توجد وسوم, كن أول من يضع وسما على هذه التسجيلة!

رقم الطلب: DT59.1 .K85 v.18

LEADER 01089namaa2200289 4500
001 13625
003 OSt
005 20250622100753.0
008 130303s1999 gw a g bc 001 0 ger d
020 |a 3805324413 
040 |c ARCE Library 
043 |a f-ua--- 
050 0 4 |a DT59.1 .K85 v.18 
100 1 |a Hölzl, Regina,  |e author  |9 32211 
245 1 0 |a Reliefs und Inschriftensteine des Alten Reiches 1 (1999) /  |c Regina Hölzl. 
264 1 |a Mainz :  |b Zabern,  |c 1999. 
300 |a 100 loose pages :  |b illustrations ;  |c 30 cm. 
490 1 |a Corpus antiquitatum Aegyptiacarum. Kunsthistorisches Museum Wien ;   |v 18. 
504 |a Includes bibliographical references and indexes. 
610 2 0 |a Kunsthistorisches Museum Wien.  |b Ägyptisch-Orientalische Sammlung  |v Catalogs. 
650 0 |a Inscriptions, Ancient  |z Egypt. 
650 0 |a Relief (Sculpture), Ancient  |z Egypt. 
710 2 |a Kunsthistorisches Museum Wien.  |b Ägyptisch-Orientalische Sammlung. 
830 0 |a Corpus antiquitatum Aegyptiacarum.   |p Kunsthistorisches Museum Wien ;   |v 18. 
901 |a reviewed 
942 |c BK  |2 lcc 
999 |c 13093  |d 13093